Tsjaad Trivia Quiz - Statistieken

Algemene statistieken
  • Deze quiz is 263 keer genomen
  • De gemiddelde score is 12 van 17
Antwoordstatistieken
Hint Antwoord % Correct
Europees land met een vlag die erg lijkt op die van Tsjaad:
Roemenië
94%
Aangrenzende landen Libië
93%
Aangrenzende landen Niger
93%
Aangrenzende landen Soedan
93%
Woestijn die het noordelijke derde deel van Tsjaad beslaat Sahara
91%
Officiële talen Frans
89%
Aangrenzende landen Nigeria
88%
Aangrenzende landen Centraal-Afrikaanse Republiek
85%
Aangrenzende landen Kameroen
79%
Waar 96% van Tsjaad's export uit bestaat Olie
78%
Officiële talen Arabisch
74%
Hoofdstad Ndjamena
71%
Grootste sector van de Tsjaadse economie Landbouw
60%
Het land Tsjaad is vernoemd naar een ____ Meer
48%
Een huwelijksstijl: 39% van de vrouwen leeft in zo'n verbintenis Polygamie
43%
Fruit dat in palmbomen in de oases van de bovenstaande groeit Dadel
34%
Een derde van de populatie is deel van deze etnische groep Sara
18%
Geen overeenkomende quizzen gevonden
Scoreverdeling
Procent van Mensen met Elke Score
Percentiel versus Aantal Correcte Antwoorden
Uw Scoregeschiedenis
U heeft deze quiz nog niet genomen